000 00427nam a22001817a 4500
003 MPLRDC
005 20220104113742.0
008 210129b ||||| |||| 00| 0 eng d
020 _a983-40402-5-3
082 _a868.71 DY-5
100 _a丁云
245 _a无望的都市
_c
250 _a初版
260 _a马来西亚
_b爝火出版社
_c2005
300 _b119
650 _a马华文学
942 _cBK
_o868.71 DY-5
999 _c2083
_d2073